Ortopedia dentofacial con aparatos funcionales (Registro nro. 7032)

Detalles MARC
000 -Cabecera
Campo de control de longitud fija 00890aam a2200349 4500
005 - Fecha y hora de la última transacción
Campo de control 20251118154519.0
008 - Elementos de longitud fija--Información general
Campo de control de longitud fija 150730b1998 xxu||||| |||| 00| 0 spa d
020 ## - International Standard Book Number
Número Internacional Estándar del Libro (ISBN) 8481743313
041 ## - Idioma
Código de idioma Español
082 ## - Clasificación Decimal Dewey
Número de clasificación 617.643 G775o
100 ## - Entrada principal--Autor personal
Nombre personal Graber, Thomas M
9 (RLIN) 17825
100 ## - Entrada principal--Autor personal
Nombre personal Rakosi, Thomas
100 ## - Entrada principal--Autor personal
Nombre personal Petrovic, Alexandre
245 ## - Título propiamente dicho
Título Ortopedia dentofacial con aparatos funcionales
250 ## - Edición
Mención de edición 2da edición
260 ## - Pie de imprenta
Lugar de publicación, distribución, etc. España
260 ## - Pie de imprenta
Nombre del editor, distribuidor, etc. Harcout Brace
260 ## - Pie de imprenta
Fecha de publicación, distribución, etc. 1998
300 ## - Descripción física
Extensión 537 páginas
300 ## - Descripción física
Otras características físicas Ilustraciones a blanco y negro
490 ## - Serie
Título de la Serie Mecánica Dental
650 ## - Materia general
Temática (materia general) ORTOPEDIA DENTOFACIAL
650 ## - Materia general
Temática (materia general) ORTODONCIA
650 ## - Materia general
Temática (materia general) APARATOS FUNCIONALES
650 ## - Materia general
Temática (materia general) CEFALOMETRÍA
650 ## - Materia general
Temática (materia general) BIONATOR
650 ## - Materia general
Temática (materia general) FRÄNKEL
650 ## - Materia general
Temática (materia general) APARATO DE HERBST
650 ## - Materia general
Temática (materia general) MALOCLUSIÓN
650 ## - Materia general
Temática (materia general) OCLUSIÓN
942 ## - Punto de acceso adicional KOHA
Tipo de ítem KOHA Libro
Fuente del sistema de clasificación o colocación Dewey Decimal Classification
Existencias
Signatura completa Código de barras Programa Académico Tipo de ítem
617.643 G775o 6758 Mecánica Dental Libro